Optics /

Guardado en:
Autor Principal: Fincham, W. H. A.
Otros Autores: Freeman, M. H.
Formato: Libro
Idioma:English
Publicado: London : Butterworths, 1980.
Edición:9th ed.
Materias:
Etiquetas: Agregar Etiqueta
Sin Etiquetas, Sea el primero en etiquetar este registro!
LEADER 00720cam a22002295a 4500
001 EIQ.libpla000426
008 800513s1980####enkaf####b####001#0#eng#d
005 20060516154548.0
245 1 0 |a Optics /  |c W. H. A. Fincham, M. H. Freeman. 
250 |a 9th ed. 
260 |a London :  |b Butterworths,  |c 1980. 
300 |a vii, 498 p., [6] láms. :  |b il. (algunas col.) ;  |c 24 cm. 
504 |a Incluye referencias bibliográficasa e índice. 
020 |a 0407934227 
100 1 |a Fincham, W. H. A. 
700 1 |a Freeman, M. H.  |q (Michael Harold). 
082 0 0 |a 535 
650 4 |a Optica  |x Teoría. 
650 4 |a Optics  |x Theory. 
010 |a  80040274  
040 |a DLC  |c DLC  |d AR-BbSID 
859 |a AR-BbSID  |b BIB. PLAPIQUI  |h 535  |i F 44  |p 1518